Corporate finance : (رقم التسجيلة. 36253)
[ عرض عادي ]
| 000 -الفاتح | |
|---|---|
| حقل البيانات ثابتة الطول | 00943cam a22003258a 4500 |
| 001 - رقم الضبط | |
| رقم الضبط | 17476871 |
| 003 - محدد رقم الضبط | |
| رقم الضبط | OSt |
| 005 - وقت وتاريخ اخر تعامل مع التسجيلة | |
| رقم الضبط | 20150408114229.0 |
| 008 - عناصر البيانات ثابتة الطول - معلومات عامة | |
| حقل البيانات ثابتة الطول | 120927s2013 enk 000 0 eng |
| 010 ## - رقم ضبط مكتبة الكونجرس | |
| رقم ضبط مكتبة الكونجرس | 2012039058 |
| 020 ## - الرقم الدولى المعيارى للكتب | |
| الرقم الدولى المعيارى للكتاب | 9780273762744 |
| 020 ## - الرقم الدولى المعيارى للكتب | |
| الرقم الدولى المعيارى للكتاب | 9780273762867 (PDF) |
| 020 ## - الرقم الدولى المعيارى للكتب | |
| الرقم الدولى المعيارى للكتاب | 9780273762850 (ePub) |
| 020 ## - الرقم الدولى المعيارى للكتب | |
| الرقم الدولى المعيارى للكتاب | 9780273780717 (eText) |
| 040 ## - مصدر الفهرسة | |
| وكالة الفهرسة الأصلية | DLC |
| وكالة النسخ | DLC |
| 042 ## - رمز التحقق | |
| رمز التحقق | pcc |
| 050 00 - رقم طلب مكتبة الكونجرس | |
| رقم التصنيف | HG4026 |
| رقم المادة | .W373 2013 |
| 082 00 - رقم تصنيف ديوى العشرى | |
| رقم التصنيف | 658.15 |
| رقم الطبعة | 23 |
| رقم المادة | WDC |
| 100 1# - المدخل الرئيسى - إسم شخصى | |
| الإسم الشخصى | Watson, Denzil. |
| 245 10 - بيان العنوان | |
| العنوان | Corporate finance : |
| بقية العنوان | principles and practice / |
| بيان المسئوليه,etc | Denzil Watson and Antony Head. |
| 250 ## - بيان الطبعة | |
| بيان الطبعة | 6th ed. |
| 260 ## - PUBLICATION, DISTRIBUTION, ETC. (IMPRINT) | |
| مكان الناشر او الموزع | Harlow, England ; |
| -- | New York : |
| اسم الناشر او الموزع | Pearson, |
| تاريخ النشر أو التوزيع | 2013. |
| 263 ## - تاريخ النشر المتوقع | |
| تاريخ النشر المتوقع | 1301 |
| 300 ## - الوصف المادى | |
| التعداد | p. cm. |
| 650 #0 - المدخل الاضافى بالموضوع-مصطلح موضوعى | |
| مصطلح موضوعي أو اسم جغرافي كعنصر مدخل | Corporations |
| التقسيم الفرعي العام | Finance. |
| 700 1# - المدخل الاضافى - اسم شخصى | |
| الإسم الشخصى | Head, Antony, |
| التواريخ المصاحبة للاسم | 1953- |
| 906 ## - عنصر بيانات محلى F, LDF (RLIN) | |
| a | 7 |
| b | cbc |
| c | orignew |
| d | 1 |
| e | ecip |
| f | 20 |
| g | y-gencatlg |
| 942 ## - عناصر المدخل الإضافي( كوها) | |
| مصدر التصنيف او مخطط الترفيف | Dewey Decimal Classification |
| Koha [default] item type | كتاب |
| حالة الفقد | نموذج السعر الفعال | حالة تلف | ليس للاعارة | رقم الطلب | تاريخ الاكتساب | الموقع الحالي | الباركود | الفرع الرئيسي | Date last seen | نوع المادة فى نظام كوها | مصدر التصنيف او خطة الترفيف | Total Checkouts |
|---|---|---|---|---|---|---|---|---|---|---|---|---|
| 2014-10-24 | 658.15 WDC | 2014-10-24 | المكتبة المركزية بالمجمعة (CL) | 00405849 | المكتبة المركزية بالمجمعة (CL) | 2014-10-24 | كتاب | Dewey Decimal Classification | ||||
| 2014-10-24 | 658.15 WDC | 2014-10-24 | المكتبة المركزية بالمجمعة (CL) | 00405850 | المكتبة المركزية بالمجمعة (CL) | 2014-10-24 | كتاب | Dewey Decimal Classification | ||||
| 2014-10-24 | 658.15 WDC | 2014-10-24 | المكتبة المركزية بالمجمعة (CL) | 00405851 | المكتبة المركزية بالمجمعة (CL) | 2014-10-24 | كتاب | Dewey Decimal Classification |
